An introduction to islamic law / (Record no. 349011)
[ view plain ]
| 000 -LEADER | |
|---|---|
| fixed length control field | 01007 a2200169 4500 |
| 020 ## - INTERNATIONAL STANDARD BOOK NUMBER | |
| International Standard Book Number | 0198254733 (paperback) |
| 020 ## - INTERNATIONAL STANDARD BOOK NUMBER | |
| International Standard Book Number | 9780198254737 (paperback) |
| 082 ## - DEWEY DECIMAL CLASSIFICATION NUMBER | |
| Classification number | 348.97 |
| 100 1# - MAIN ENTRY--PERSONAL NAME | |
| Personal name | Schacht, Joseph. |
| 9 (RLIN) | 126928 |
| 245 13 - TITLE STATEMENT | |
| Title | An introduction to islamic law / |
| Statement of responsibility, etc. | Joseph Schacht. |
| 260 ## - PUBLICATION, DISTRIBUTION, ETC. | |
| Place of publication, distribution, etc. | [S.l.] : |
| Name of publisher, distributor, etc. | Oxford University Press, USA, |
| Date of publication, distribution, etc. | 1983. |
| 300 ## - PHYSICAL DESCRIPTION | |
| Extent | 312 p. ; |
| Dimensions | 22 cm. |
| 520 ## - SUMMARY, ETC. | |
| Summary, etc. | This book presents a broad account of the present knowledge of the history and outlines the system of Islamic law. Showing that Islamic law is the key to understanding the essence of one of the great world religions, this book explores how it still influences the laws of contemporary Islamic states, and is in itself a remarkable manifestation of legal thought. |
| 650 ## - SUBJECT ADDED ENTRY--TOPICAL TERM | |
| Source of heading or term | NLS2024, NLSETEXTBOOK, NLSEBOOKBANK, ISLAMIC JURISPRUDENCE |
| 856 40 - ELECTRONIC LOCATION AND ACCESS | |
| Materials specified | Amazon.com |
| Uniform Resource Identifier | <a href="http://www.amazon.com/exec/obidos/ASIN/0198254733/chopaconline-20">http://www.amazon.com/exec/obidos/ASIN/0198254733/chopaconline-20</a> |
| -- | <a href="http://10.250.8.41:8080/xmlui/handle/123456789/47944">http://10.250.8.41:8080/xmlui/handle/123456789/47944</a> |
| 942 ## - ADDED ENTRY ELEMENTS (KOHA) | |
| Institution code [OBSOLETE] | NBS |
| Koha item type | Book |
| Call number prefix | 348.97 SCH |
| Source of classification or shelving scheme | |
| Withdrawn status | Lost status | Damaged status | Not for loan | Permanent Location | Current Location | Date acquired | Total Checkouts | Full call number | Barcode | Checked out | Date last seen | Date last checked out | Price effective from | Koha item type |
|---|---|---|---|---|---|---|---|---|---|---|---|---|---|---|
| NUST Law School (NLS) | NUST Law School (NLS) | 08/28/2013 | 2 | 348.97 SCH | NBS8816 | 12/06/2025 | 11/06/2025 | 11/06/2025 | 08/28/2013 | Book |
